Inspiraciones : (Registro nro. 65228)
[ vista simple ]
| 000 -CABECERA | |
|---|---|
| campo de control de longitud fija | 00758cam a22002894a 4500 |
| 001 - NÚMERO DE CONTROL | |
| campo de control | UByD003348 |
| 003 - IDENTIFICADOR DEL NÚMERO DE CONTROL | |
| campo de control | AR-LpoUNG |
| 005 - FECHA Y HORA DE LA ÚLTIMA TRANSACCIÓN | |
| campo de control | 20241119114010.0 |
| 007 - CAMPO FIJO DE DESCRIPCIÓN FÍSICA--INFORMACIÓN GENERAL | |
| campo de control de longitud fija | ta |
| 008 - DATOS DE LONGITUD FIJA--INFORMACIÓN GENERAL | |
| campo de control de longitud fija | 131220s2010 ag gr 001 dspa d |
| 015 ## - NÚMERO DE BIBLIOGRAFÍA NACIONAL | |
| Número de bibliografía nacional | AR-2010 |
| 020 ## - NÚMERO INTERNACIONAL ESTÁNDAR DEL LIBRO | |
| Número Internacional Estándar del Libro | 9789501256109 |
| 040 ## - FUENTE DE LA CATALOGACIÓN | |
| Centro catalogador/agencia de origen | AR-BaBN |
| Lengua de catalogación | spa |
| Centro/agencia transcriptor | AR-BaBN |
| Normas de descripción | aacr |
| Centro/agencia modificador | AR-LpoUNG |
| 041 0# - CÓDIGO DE LENGUA | |
| Código de lengua del texto/banda sonora o título independiente | spa |
| 044 ## - CÓDIGO DEL PAÍS DE LA ENTIDAD EDITORA/PRODUCTORA | |
| Código MARC del país | ag |
| Código ISO del país | ar-c |
| 080 0# - NÚMERO DE LA CLASIFICACIÓN DECIMAL UNIVERSAL | |
| Número de la Clasificación Decimal Universal | 001(091) |
| Identificador de la edición | 2000 |
| 082 0# - NÚMERO DE LA CLASIFICACIÓN DECIMAL DEWEY | |
| Número de clasificación | 507 236ins |
| 100 1# - ENTRADA PRINCIPAL--NOMBRE DE PERSONA | |
| Nombre de persona | Capanna, Pablo |
| 245 10 - MENCIÓN DE TÍTULO | |
| Título | Inspiraciones : |
| Resto del título | historias secretas de la ciencia |
| 250 ## - MENCIÓN DE EDICIÓN | |
| Mención de edición | 1ra. ed. |
| 260 ## - PUBLICACIÓN, DISTRIBUCIÓN, ETC. | |
| Lugar de publicación, distribución, etc. | Buenos Aires : |
| -- | Barcelona : |
| -- | México : |
| Nombre del editor, distribuidor, etc. | Paidós, |
| Fecha de publicación, distribución, etc. | 2010. |
| 300 ## - DESCRIPCIÓN FÍSICA | |
| Extensión | 235 p. |
| 650 #4 - PUNTO DE ACCESO ADICIONAL DE MATERIA--TÉRMINO DE MATERIA | |
| Término de materia o nombre geográfico como elemento de entrada | CIENCIA |
| 650 #4 - PUNTO DE ACCESO ADICIONAL DE MATERIA--TÉRMINO DE MATERIA | |
| Término de materia o nombre geográfico como elemento de entrada | FILOSOFIA DE LA CIENCIA |
| 650 #4 - PUNTO DE ACCESO ADICIONAL DE MATERIA--TÉRMINO DE MATERIA | |
| Término de materia o nombre geográfico como elemento de entrada | HISTORIA DE LAS CIENCIAS |
| 942 ## - ELEMENTOS DE PUNTO DE ACCESO ADICIONAL (KOHA) | |
| Fuente del sistema de clasificación o colocación | Dewey Decimal Classification |
| Tipo de ítem Koha | Libro |
| Estado de retiro | Estado de pérdida | Fuente del sistema de clasificación o colocación | Estado dañado | No para préstamo | Código de colección | Localización permanente | Ubicación/localización actual | Fecha de adquisición | Total de préstamos | Signatura topográfica completa | Código de barras | Fecha visto por última vez | Precio válido a partir de | Tipo de ítem Koha |
|---|---|---|---|---|---|---|---|---|---|---|---|---|---|---|
| Dewey Decimal Classification | Colección General | Biblioteca Universidad Nacional de General Sarmiento | Biblioteca Universidad Nacional de General Sarmiento | 08/11/2024 | 507 236ins | 00069101 | 08/11/2024 | 08/11/2024 | Libro |